000 00309nam a2200121Ia 4500
008 220204s9999 xx 000 0 und d
082 _a054
_bLYO
100 _aLyons, John W
245 0 _aChemistry and use of fire retardants
260 _aNew York
_bJohn Wiley
_c1970
650 _aFire retardant
942 _cBK
999 _c24432
_d24432